Facultad de Derecho – Universidad Nacional de Mar del Plata

Secuencias Pràcticas de peritajes judiciales (Record no. 3570)

MARC details
000 -CABECERA
campo de control de longitud fija 00521nam a22002057a 4500
020 ## - NUMERO INTERNACIONAL NORMALIZADO PARA LIBROS (ISBN)
International Standard Book Number 9501408973
080 ## - NUMERO DE CLASIFICACION DECIMAL UNIVERSAL (CDU)
Número de la Clasificación Decimal Universal 347.948 R 197
100 ## - ASIENTO PRINCIPAL--NOMBRE PERSONAL
Nombre personal Rabinovich de Landau, Silvia G
245 ## - MENCION DE TITULO
Título propiamente dicho Secuencias Pràcticas de peritajes judiciales
250 ## - MENCION DE EDICION
Mención de edición 3ª Ed. Amp.
260 ## - PUBLICACION, DISTRIBUCION, ETC. (PIE DE IMPRENTA)
Lugar de publicación, distribución, etc. Buenos Aires
Nombre del editor, distribuidor, etc. Depalma
Fecha de publicación, distribución, etc. 1996
300 ## - DESCRIPCION FISICA
Extensión 252 P.
650 ## - ASIENTO SECUNDARIO DE MATERIA - TERMINO TEMATICO
Subdivisión general Pericias judiciales
650 ## - ASIENTO SECUNDARIO DE MATERIA - TERMINO TEMATICO
Subdivisión general peritos
650 ## - ASIENTO SECUNDARIO DE MATERIA - TERMINO TEMATICO
Subdivisión general honorarios
650 ## - ASIENTO SECUNDARIO DE MATERIA - TERMINO TEMATICO
Subdivisión general modelos de escritos
650 ## - ASIENTO SECUNDARIO DE MATERIA - TERMINO TEMATICO
Término temático o nombre geográfico como elemento de entrada jurisprudencia
945 ## - INFORMACION DE PROCESAMIENTO LOCAL
Responsable de carga/modificación Celeste Delía
AAAA-MM-DD - Fecha de ingreso/modificación 2015-03-03
942 ## - ELEMENTOS AGREGADOS (KOHA)
Clasificación normalizada de Koha para alfabetizar _
Holdings
Retirado Perdido Dañado No se presta Ubicación permanente Locación actual Estante o sala Fecha de adquisición Total préstamos Signatura topográfica Inventario Ultima fecha vista Fecha del precio Tipo de item de Koha
        Bib. Derecho Bib. Derecho Biblioteca Graduados 03/03/2015   347.948 R 197 300611 03/03/2015 03/03/2015 LIBRO (Consulta)

XHTML | CSS | ©Biblioteca Central - Dto. Tecnología de la Información - [ Con tecnología Koha ]